What TESL teachers do when they say they are teaching writing /
Saved in:
| Main Author: | |
|---|---|
| Format: | Thesis Book |
| Language: | English |
| Subjects: | |
| Tags: |
Add Tag
No Tags, Be the first to tag this record!
|
| LEADER | 01003cam a2200253 4500 | ||
|---|---|---|---|
| 001 | u420879 | ||
| 003 | SIRSI | ||
| 008 | 870814s1994 my mt q00 1 eng m | ||
| 035 | |a ACE-6433 | ||
| 040 | |a UMM | ||
| 043 | |a a-my--- | ||
| 093 | |a LB1631 |b Mah | ||
| 100 | 0 | 0 | |a Mahaletchemy Nagalingam |
| 245 | 1 | 0 | |a What TESL teachers do when they say they are teaching writing / |c by Mahaletchemy a/p Nagalingam. |
| 300 | |a xi, 171 leaves ; |c 29cm | ||
| 502 | |a Dissertation (M.Ed.) - Fakulti Pendidikan, Universiti Malaya, 1994 | ||
| 504 | 0 | 0 | |a Bibliography: leaves 156-162 |
| 650 | 0 | |a English language |x Study and teaching (Secondary) |z Malaysia. | |
| 650 | 0 | |a English language |x Composition and exercises |x Ability testing | |
| 710 | 2 | 0 | |a Universiti Malaya. |b Fakulti Pendidikan. |
| 948 | |a 23/02/1998 |b 02/04/2004 | ||
| 596 | |a 1 6 | ||
| 999 | |a LB1631 MAH |w LC |c 1 |i A506706952 |d 19/1/2012 |e 19/1/2012 |l STACKS |m P01UTAMA |n 3 |r Y |s Y |t TESIS |u 8/1/1999 | ||
| 999 | |a LB1631 MAH |w LC |c 1 |i A503698922 |l STACKS |m P06BAHASA |r Y |s Y |t TESIS |u 23/2/1998 | ||
